000
00281nam a22001217a 4500
008
170613b xxu||||| |||| 00| 0 eng d
041
_a
eng
080
_a
32
100
_a
19
101
_a
shp
245
_a
MESSAGES AND PAPERS OF THE PRESIDENTS
_c
RICHARDSON, D.J
942
_2
udc
_c
BK
999
_c
17125
_d
17125